ბათუმის შოთა რუსთაველის სახელმწიფო უნივერსიტეტის ბიბლიოთეკა

Современная математика и ее преподавание. С предисловием П.С. Александрова. (ბიბ.ჩანაწერი № 39070)

000 -LEADER
fixed length control field 00809nam a2200205Ia 4500
001 - CONTROL NUMBER
control field 5618
003 - CONTROL NUMBER IDENTIFIER
control field GE_BSU
008 - FIXED-LENGTH DATA ELEMENTS--GENERAL INFORMATION
fixed length control field 181216s||||||||xx |||||||||||||| ||und||
040 ## - CATALOGING SOURCE
Transcribing agency GE_BSU
080 ## - UNIVERSAL DECIMAL CLASSIFICATION NUMBER
Universal Decimal Classification number 51(072)
100 ## - MAIN ENTRY--PERSONAL NAME
Personal name Кудрявцев Л.Д.
245 ## - TITLE STATEMENT
Title Современная математика и ее преподавание. С предисловием П.С. Александрова.
245 ## - TITLE STATEMENT
Remainder of title Изд. 2-Е, дополн. Учеб пособие для. студ. математических спец. вузов.
260 ## - PUBLICATION, DISTRIBUTION, ETC.
Place of publication, distribution, etc. Москва
260 ## - PUBLICATION, DISTRIBUTION, ETC.
Name of publisher, distributor, etc. Наука
260 ## - PUBLICATION, DISTRIBUTION, ETC.
Date of publication, distribution, etc. 1985
300 ## - PHYSICAL DESCRIPTION
Extent 166 с. 20 см.
653 ## - INDEX TERM--UNCONTROLLED
Uncontrolled term Современная математика и ее преподавание. С предисловием П.С. Александрова.
942 ## - ADDED ENTRY ELEMENTS (KOHA)
Koha item type წიგნი
ეგზემპლარები
Withdrawn status Lost status Damaged status Not for loan Date acquired Barcode Date last seen Price effective from Koha item type Public note
        2018-12-17 15972 2018-12-17 2018-12-17 წიგნი დარბაზი